NFL Top 25 Baltimore Ravens Players of All time - Statistics

General Stats
  • This quiz has been taken 103 times
  • The average score is 8 of 25
Answer Stats
Hint Answer % Correct
1 Ray Lewis
99%
5 Jamal Lewis
98%
4 Joe Flacco
96%
3 Ed Reed
94%
6 Terrell Suggs
69%
22 Ray Rice
66%
2 Jonathan Ogden
64%
11 Todd Heap
36%
16 Derrick Mason
30%
7 Rod Woodson
29%
17 Chris McAlister
21%
9 Marshal Yanda
15%
8 Haloti Ngata
13%
21 Adalius Thomas
11%
25 Tony Siragusa
5%
23 Jermaine Lewis
3%
10 Peter Boulware
3%
19 Ben Grubbs
1%
20 Duane Starks
1%
14 Jamie Sharper
1%
12 Jarret Johnson
1%
13 Matt Stover
1%
15 Michael McCrary
1%
18 Mike Flynn
1%
24 Sam Koch
1%
No matching quizzes found
Score Distribution
Percent of People with Each Score
Percentile by Number Answered
Your Score History
You have not taken this quiz